Word Ladder: Common Glass Ingredients Quiz Stats

 Plays Quiz Updated Dec 13, 2017

Challenge
Share
Tweet
Embed
Score 0/14 Timer 01:30
3 Plays Today
Clue 4-Letter Word % Correct
Opposite of hardSOFT
98.6%
Living room seatingSOFA
96.9%
British elevatorLIFT
96.6%
Separate with a sieveSIFT
95.1%
Popular board gameLIFE
89.2%
Give for temporary useLEND
85.2%
Balanced in the headSANE
80.7%
Clue 4-Letter Word % Correct
• Main glass ingredient, silica, is the primary constituent of this •• SAND •
79.8%
• Sodium carbonate, lowers the melting point •• SODA •
76.1%
Country; come downLAND
75.5%
• Heavy soft metal, used in crystal glass •• LEAD •
74.7%
Copycat's requestSAME
73.3%
Weak or unconvincingLAME
71.9%
• Calcium oxide, makes glass stronger •• LIME •
70.8%

Today's Daily Dose

Missing Word
Biopics

Word Ladder
Food Idioms

Quick Pick
Diets

On This Day
December 18th II

You're not logged in!

Compare scores with friends on all Sporcle quizzes.
OR
Log In

You Might Also Like...

Show Comments

Extras

Top Quizzes Today


Score Distribution

Your Account Isn't Verified!

In order to create a playlist on Sporcle, you need to verify the email address you used during registration. Go to your Sporcle Settings to finish the process.

Report this User

Report this user for behavior that violates our Community Guidelines.

Details: